02340nam a2200325 a 450000100060000000300080000600500170001400800410003102000180007203500190009004000390010904100080014808200250015624500870018125000120026826000440028030000290032433600260035333700280037933800270040750400510043452010840048565000150156965000590158470000380164394200120168199900170169395201520171095201520186286314BD-RjUL20260405111827.0260405s2018 nyu b 001 0 eng  a9780393602951 a(BD-RjUL)86314 aDLCcDLCdYDXdBTCTAdBD-RjULbeng aeng00222a801.95bNOR 201804aThe Norton anthology of theory and criticism /cVincent B. Leitch, general editor. a3rd ed. aNew York :bW. W. Norton & Co.,cc2018. axliii, 2796 p. ;c25 cm. atextbtxt2rdacontent aunmediatedbn2rdamedia avolumebnc2rdacarrier aIncludes bibliographical references and index. aThe Norton Anthology of Theory and Criticism presents a staggeringly varied collection of the most influential critical statements from the classical era to the present day. Edited by scholars and teachers whose interests range from the history of poetics to postmodernism, from classical rhetoric to eriture feminine, and from the social construction of gender to the machinery of academic superstardom, The Norton Anthology of Theory and Criticism promises to become the standard anthology in its field. The Norton Anthology of Theory and Criticism offers nearly twice the number of selections in other leading anthologies and more twentieth-century selections than any other text (including anthologies devoted solely to the twentieth century). Edited by scholars and teachers whose interests range from the history of poetics to postmodernism, from classical rhetoric to eriture feminine, and from the social construction of gender to the machinery of academic superstardom, The Norton Anthology of Theory and Criticism promises to become the standard anthology in its field. 0aCriticism. 0aLiteraturexHistory and criticismxTheory, etc.9180031 aLeitch, Vincent B.,d1944-918004 2ddccBK c86314d86314 00102ddc40718NFICaRUCLbRUCLcReadingd2026-04-05eOmni Concept, Dhakag12880.00l0o801.95 NOR 2018r2026-04-05 00:00:00tC-1w2026-04-05yBK 00102ddc40718NFICaRUCLbRUCLcReadingd2026-04-05eOmni Concept, Dhakag12880.00l0o801.95 NOR 2018r2026-04-05 00:00:00tC-2w2026-04-05yBK